Rural housing at a time of economic change (Record no. 114236)

MARC details
000 -LEADER
fixed length control field 01171cad a22002175a 4500
001 - CONTROL NUMBER
control field L156394
008 - FIXED-LENGTH DATA ELEMENTS--GENERAL INFORMATION
fixed length control field 120516s2012 xxk f 000 0 eng d
035 ## - SYSTEM CONTROL NUMBER
System control number (Sirsi) u156394
041 0# - LANGUAGE CODE
Language code of text/sound track or separate title eng
100 1# - MAIN ENTRY--PERSONAL NAME
Personal name Clarke, Anna
110 2# - MAIN ENTRY--CORPORATE NAME
Corporate name or jurisdiction name as entry element Cambridge Centre for Housing and Planning Research
245 00 - TITLE STATEMENT
Title Rural housing at a time of economic change
Medium [electronic resource]
260 ## - PUBLICATION, DISTRIBUTION, ETC.
Name of publisher, distributor, etc. Cambridge
Date of publication, distribution, etc. University of Cambridge Cambridge Centre for Housing and Planning Research
Name of publisher, distributor, etc. 2012
520 ## - SUMMARY, ETC.
Summary, etc. Looks at changing levels of social and private rented sector rents and the quality and location of available housing in rural localities. Assesses the impact of recent and forthcoming government policies on social and private tenants, including the changes to Housing Benefit and the overall benefit caps. Discusses migration issues. Research funded by the Commission for Rural Communities.
590 ## - LOCAL NOTE (RLIN)
Local note KA
651 #4 - SUBJECT ADDED ENTRY--GEOGRAPHIC NAME
Geographic name England
690 ## - LOCAL SUBJECT ADDED ENTRY--TOPICAL TERM (OCLC, RLIN)
Topical term or geographic name as entry element Residential property
9 (RLIN) 6266
700 1# - ADDED ENTRY--PERSONAL NAME
Personal name Monk, Sarah
856 40 - ELECTRONIC LOCATION AND ACCESS
Uniform Resource Identifier <a href="https://www.defra.gov.uk/crc/files/Rural_housing_at_a_time_of_economic_change-2nd-May.pdf">https://www.defra.gov.uk/crc/files/Rural_housing_at_a_time_of_economic_change-2nd-May.pdf</a>
Public note View the item free of charge from the www.defra.gov.uk
942 ## - ADDED ENTRY ELEMENTS (KOHA)
Suppress in OPAC 0
Holdings
Withdrawn status Lost status Source of classification or shelving scheme Damaged status Not for loan Home library Current library Shelving location Date acquired Total Checkouts Full call number Barcode Date last seen Copy number Price effective from Koha item type
    Dewey Decimal Classification     Virtual Virtual Online 16/05/2012   ONLINE PUBLICATION 156394-2001 06/08/2019 1 06/08/2019 Book